000 00791nam a22002297a 4500
999 _c16053
_d16053
005 20230705125822.0
008 080930t xxu||||| |||| 00| 0 eng d
010 _aENG-91076 ENG-137089
020 _a9788189915957
_c1380.00
035 _aEN-74609 EN-120621
037 _bDBAD / PUB
040 _aDPL
082 _a342.54085
100 _aBhanwar Lal Harsh
245 _aHuman rights law in India:
_bprotection and implementation of the Human Rights Act, 1993/
_cby Bhanwar Lal Harsh; foreword by N.K. Jain
260 _aNew Delhi
_bRegal Publications
_c2008
300 _axx, 397p.
_c22cm.(Hb)
500 _aIncludes bibliographical references and index
650 _aHuman rights
_zIndia
650 _aCivil rights
_zIndia
942 _2ddc
_cEN
_h342.54085
_mBHA